| 000 | 00524nam a2200193 i 4500 | ||
|---|---|---|---|
| 001 | 23895 | ||
| 003 | ES-MaACL | ||
| 007 | t| | ||
| 008 | 021213s1983 sp ||||1| spa d | ||
| 100 | 1 |
_aAmaro, José Luis. _921121 |
|
| 245 | 1 | 0 |
_aDespojos de la noche / _cJosé Luis Amaro. |
| 260 |
_aCórdoba : _b[s.n.], _c1983. |
||
| 300 |
_a56 p. ; _c20 cm. |
||
| 490 | 1 |
_aPandora. Poesía ; _v1 |
|
| 830 | 0 |
_aPandora. Poesía ; _v1 _9229058 |
|
| 852 |
_aES-MaACL _jL-5616 |
||
| 852 |
_aES-MaACL _jL-6803 |
||
| 999 |
_c23895 _d23895 |
||